ओमप्रकाश वाल्मीकि का साहित्यिक व सामाजिक अवदान/ (Record no. 204726)
[ view plain ]
| 000 -LEADER | |
|---|---|
| fixed length control field | 01035nam a22002177a 4500 |
| 005 - DATE AND TIME OF LATEST TRANSACTION | |
| control field | 20240813151942.0 |
| 010 ## - LCCN (DPL NO) | |
| LC control number | HIN-128130 |
| 020 ## - INTERNATIONAL STANDARD BOOK NUMBER | |
| International Standard Book Number | 9789392509209 |
| Terms of availability | 750.00 |
| 035 ## - SYSTEM CONTROL NUMBER | |
| System control number | HN-100476 |
| 037 ## - SOURCE OF ACQUISITION | |
| Source of stock number/acquisition | DBAD |
| 082 ## - DEWEY DECIMAL CLASSIFICATION NUMBER | |
| Classification number | 820.08 |
| 100 ## - MAIN ENTRY--PERSONAL NAME | |
| Personal name | अजीत सिंह |
| 245 ## - TITLE STATEMENT | |
| Title | ओमप्रकाश वाल्मीकि का साहित्यिक व सामाजिक अवदान/ |
| Statement of responsibility, etc | अजीत सिंह; राम भरोसे द्वारा संपादित |
| 250 ## - EDITION STATEMENT | |
| Edition statement | 1 |
| 260 ## - PUBLICATION, DISTRIBUTION, ETC. (IMPRINT) | |
| Place of publication, distribution, etc | नई दिल्ली |
| Name of publisher, distributor, etc | संजय प्रकाशन |
| Date of publication, distribution, etc | 2022 |
| 270 ## - ADDRESS | |
| Address | 4378/4 डी-209,जे.एम.डी. हाउस अंसारी रोड़ दरियागंज |
| City | नई दिल्ली |
| Postal code | 110002 |
| Telephone number | 011-23245808 |
| -- | 011-41564415 |
| Electronic mail address | sanjayprakashan@yahoo.in |
| 300 ## - PHYSICAL DESCRIPTION | |
| Extent | 244पृ. |
| Dimensions | 23सेमी(साजिल्द) |
| 700 ## - ADDED ENTRY--PERSONAL NAME | |
| Personal name | भरोसे, राम |
| 9 (RLIN) | 69291 |
| 942 ## - ADDED ENTRY ELEMENTS (KOHA) | |
| Source of classification or shelving scheme | Dewey Decimal Classification |
| Item type | Hindi Books |
| Classification part | 820.08 |
| Call number suffix | अजीत |
| Withdrawn status | Lost status | Not for loan | Collection code | Home library | Current library | Date acquired | Source of acquisition | Cost, normal purchase price | Full call number | Barcode | Copy number | Cost, replacement price | Koha item type |
|---|---|---|---|---|---|---|---|---|---|---|---|---|---|
| Non-fiction | Patel Nagar | Patel Nagar | 02/08/2024 | DBAD | 750.00 | 820.08 अजीत | HN-100476 | 1 | 750.00 | Hindi Books |
